Dopad hospodárskej krízy na poskytovanie hypotekárnych úverov diplomová práca

Salvato in:
Dettagli Bibliografici
Autore principale: Grellneth, Peter
Ente Autore: Národohospodárska fakulta EU. Katedra bankovníctva a medzinárodných financií
Altri autori: Tučník, Miroslav
Natura: Libro
Lingua:slovacco
Pubblicazione: Bratislava 2011
Tags: Aggiungi Tag
Nessun Tag, puoi essere il primo ad aggiungerne!!

MARC

LEADER 00000nbm a2200000 4500
001 0130695
005 20161109101604.9
041 0 |a slo 
044 |a SK 
245 1 0 |a Dopad hospodárskej krízy na poskytovanie hypotekárnych úverov  |b diplomová práca  |c Peter Grellneth ; školiteľ: Miroslav Tučník 
264 1 |a Bratislava  |c 2011 
300 |a 57 s. 
100 1 |a Grellneth, Peter 
700 1 |a Tučník, Miroslav 
710 2 |a Národohospodárska fakulta EU. Katedra bankovníctva a medzinárodných financií